Is Industry 4.0 a Revolutionary or Evolutionary Change? Analysis of Chosen Economic Indicators for Slovak and Czech Economy

Priemysel 4.0, zapojenie nových technológií do výrobného procesu a rýchly rozvoj informačných a komunikačných technológií. Analýza vybraných ekonomických ukazovateľov vzťahujúca sa na všetky sektory slovenskej a českej ekonomiky. Vývoj priemyselných revolúcií.

Salvato in:
Dettagli Bibliografici
Autore principale: Marinič, Peter
Natura: Capitolo di libro
Lingua:inglese
Soggetti:
Tags: Aggiungi Tag
Nessun Tag, puoi essere il primo ad aggiungerne!!

MARC

LEADER 00000naa a2200000 4500
001 0286608
005 20220629114614.9
041 0 |a eng 
044 |a SK 
245 1 0 |a Is Industry 4.0 a Revolutionary or Evolutionary Change? Analysis of Chosen Economic Indicators for Slovak and Czech Economy  |c Peter Marinič 
520 |a Priemysel 4.0, zapojenie nových technológií do výrobného procesu a rýchly rozvoj informačných a komunikačných technológií. Analýza vybraných ekonomických ukazovateľov vzťahujúca sa na všetky sektory slovenskej a českej ekonomiky. Vývoj priemyselných revolúcií. 
610 2 0 |a priemysel 4.0 
610 2 0 |a ukazovatele ekonomické 
610 2 0 |a produktivita práce 
610 2 0 |a mzdy 
610 2 0 |a kapitál fixný 
610 2 0 |a Slovensko 
610 2 0 |a Česko 
100 1 |a Marinič, Peter